MECHANICAL AND ELECTRICAL EQUIPMENT FOR BUILDINGS (Record no. 857718)

MARC details
000 -LEADER
fixed length control field 00298nam a2200109Ia 4500
008 - FIXED-LENGTH DATA ELEMENTS--GENERAL INFORMATION
fixed length control field 230822s2000 xx 000 0 und d
041 ## - LANGUAGE CODE
Language code of text/sound track or separate title eng
100 ## - MAIN ENTRY--PERSONAL NAME
Personal name STEIN B & REYNOLDS J S
245 ## - TITLE STATEMENT
Title MECHANICAL AND ELECTRICAL EQUIPMENT FOR BUILDINGS
260 ## - PUBLICATION, DISTRIBUTION, ETC.
Name of publisher, distributor, etc. JOHN WILEE AND SONS
Date of publication, distribution, etc. 2000
300 ## - PHYSICAL DESCRIPTION
Extent 1790

No items available.